000 00595nam a2200253Ia 4500
008 160803s9999 xx 000 0 und d
020 _a0 590033786
100 _aMyers, Christopher
245 _aWings /
245 _cby Christopher Myers.
260 _aNew York :
260 _bScholastic Inc.
260 _c2000
300 _aunnumbered pages :
300 _bcolor illustrations ;
300 _c28 cm
650 _aFlight --
650 _aIndividuality --
650 _aWings --
650 _xFiction.
650 _xFiction.
650 _xFiction.
700 _a400
999 _c299291
_d299291